00587nam a2200169 a 450000100100000000500170001000800410002702000150006804000250008308200140010810000410012224501230016326000450028630000360033149000250036783000250039200003717820200930080206.0120224s1989 sp 000 0 spa d a8475334725 aDO-SdBNPbspacBNPHU axxxbE18i1 aEcheverría Ezponda, Javier,d1948-10aIntroducción a la metodología de la ciencia :bLa filosofía de la ciencia en el siglo XX /cJavier Echeverría. aBarcelona, España :bBarcanova,c1989. aix, 322 p. :bdiagrs. ;c22 cm.1 aTemas universitarios 0aTemas universitarios